[Event "Nova Gorica op 27th"]
[Site "Nova Gorica"]
[Date "2023.03.22"]
[Round "8"]
[White "Laco, Giuseppe"]
[Black "Zuttioni, Federico"]
[Result "0-1"]
[WhiteElo "1916"]
[BlackElo "2192"]
[PlyCount "50"]
[EventDate "2023.03.16"]
[EventType "swiss"]
[EventRounds "9"]
[EventCountry "SLO"]
[SourceTitle "CBM 213 Extra"]
[Source "ChessBase"]
[SourceDate "2023.05.31"]
[SourceVersion "1"]
[SourceVersionDate "2023.05.31"]
[SourceQuality "1"]

1. c4 Nf6 2. Nc3 d6 3. d4 Nbd7 4. f4 e5 5. d5 Qe7 6. Qa4 Kd8 7. Qc2 g6 8. g3 Bg7 9. a4 exf4 10. Bxf4 Nc5 11. Bh3 Ng4 12. e4 Re8 13. 0-0-0 g5 14. Bd2 Nf2 15. Bxc8 Kxc8 16. Nf3 Nxh1 17. Rxh1 Bxc3 18. Qxc3 Qxe4 19. Re1 Nd3+ 20. Qxd3 Qxd3 21. Rxe8+ Kd7 22. Rxa8 Qxf3 23. Bxg5 f6 24. Bf4 Qf1+ 25. Kd2 Qxc4 0-1

[Event "Nova Gorica op 27th"]
[Site "Nova Gorica"]
[Date "2023.03.19"]
[Round "5"]
[White "Pagano, Sergio1111"]
[Black "Zuttioni, Federico"]
[Result "0-1"]
[WhiteElo "1879"]
[BlackElo "2192"]
[PlyCount "96"]
[EventDate "2023.03.16"]
[EventType "swiss"]
[EventRounds "9"]
[EventCountry "SLO"]
[SourceTitle "CBM 213 Extra"]
[Source "ChessBase"]
[SourceDate "2023.05.31"]
[SourceVersion "1"]
[SourceVersionDate "2023.05.31"]
[SourceQuality "1"]

1. d4 Nf6 2. c4 e6 3. Nc3 Bb4 4. a3 Bxc3+ 5. bxc3 c5 6. f3 d6 7. e4 e5 8. Be3 Qa5 9. Qd2 cxd4 10. cxd4 Qxd2+ 11. Kxd2 Nc6 12. dxe5 dxe5 13. Kc3 Be6 14. c5 0-0-0 15. Bd3 Rd7 16. Ne2 Rhd8 17. Rhd1 Ne8 18. Bc2 Nc7 19. Rxd7 Nb5+ 20. Kb2 Rxd7 21. Rd1 Rxd1 22. Bxd1 Na5 23. a4 Nc4+ 24. Kc1 Nxe3 25. axb5 Nxg2 26. Nc3 Nf4 27. Kd2 h5 28. Nb1 f6 29. Kc3 g5 30. Nd2 Kc7 31. Nc4 b6 32. cxb6+ axb6 33. Nb2 h4 34. Kb4 h3 35. Kc3 Bd7 36. Kb4 Be6 37. Kc3 Bf7 38. Kb4 Ng2 39. Nd3 Ne3 40. Nf2 Nxd1 41. Nxd1 Bh5 42. Ne3 Bxf3 43. Nd5+ Kd6 44. Nxb6 Bxe4 45. Nc4+ Kd7 46. Ne3 f5 47. Kc5 g4 48. b6 g3 0-1

[Event "Nova Gorica op 27th"]
[Site "Nova Gorica"]
[Date "2023.03.16"]
[Round "1"]
[White "Zuttioni, Federico"]
[Black "Wadsworth, Matthew J"]
[Result "0-1"]
[WhiteElo "2192"]
[BlackElo "2439"]
[PlyCount "94"]
[EventDate "2023.03.16"]
[EventType "swiss"]
[EventRounds "9"]
[EventCountry "SLO"]
[SourceTitle "CBM 213 Extra"]
[Source "ChessBase"]
[SourceDate "2023.05.31"]
[SourceVersion "1"]
[SourceVersionDate "2023.05.31"]
[SourceQuality "1"]

1. e4 e6 2. d4 d5 3. Nc3 Nf6 4. e5 Nfd7 5. f4 c5 6. Nf3 Nc6 7. Be3 Qb6 8. Na4 Qa5+ 9. c3 b6 10. Bd2 c4 11. b4 Nxb4 12. cxb4 Bxb4 13. Qc2 Bxd2+ 14. Nxd2 b5 15. Nc3 b4 16. Nce4 dxe4 17. Nxc4 b3+ 18. Qd2 b2 19. Rb1 Qxd2+ 20. Kxd2 Rb8 21. Rxb2 Rxb2+ 22. Nxb2 Ke7 23. Nc4 Bb7 24. Nd6 Bc6 25. Bc4 Rb8 26. Rc1 Rb2+ 27. Ke3 Ba4 28. Bf1 Rxa2 29. Rc7 Ra3+ 30. Ke2 a6 31. Ra7 f5 32. Ra8 Nb6 33. Ra7+ Bd7 34. Kf2 Nd5 35. Bb5 e3+ 36. Kf3 e2+ 37. Kf2 e1Q+ 38. Kxe1 Re3+ 39. Be2 Nxf4 40. Kf2 Rxe2+ 41. Kf3 g5 42. g3 Rxh2 43. gxf4 g4+ 44. Kg3 Rh3+ 45. Kg2 Rd3 46. Rxa6 h5 47. Ra7 h4 0-1

[Event "Arco Christmas op 12th"]
[Site "Arco"]
[Date "2022.12.28"]
[Round "4"]
[White "Zuttioni, Federico"]
[Black "Caprino, Marco"]
[Result "1-0"]
[WhiteElo "2165"]
[BlackElo "2092"]
[PlyCount "101"]
[EventDate "2022.12.26"]
[EventType "swiss"]
[EventRounds "7"]
[EventCountry "ITA"]
[SourceTitle "CBM 212 Extra"]
[Source "ChessBase"]
[SourceDate "2023.03.31"]
[SourceVersion "1"]
[SourceVersionDate "2023.03.31"]
[SourceQuality "1"]

1. e4 c5 2. Nf3 g6 3. d4 cxd4 4. Nxd4 Bg7 5. c4 Nc6 6. Be3 d6 7. Nc3 Nf6 8. Be2 0-0 9. 0-0 Bd7 10. Qd2 a5 11. Rac1 a4 12. f3 Qa5 13. Rfd1 Rfc8 14. Bf1 Qb4 15. Nc2 Qa5 16. Qf2 Qd8 17. h3 Qe8 18. Qd2 Be6 19. Na3 Nd7 20. Nd5 Qd8 21. Nb5 Nc5 22. Qf2 b6 23. Rd2 Bxd5 24. cxd5 Nb4 25. a3 Nba6 26. Rdc2 Rcb8 27. Nd4 Bxd4 28. Bxd4 Nb3 29. Rd1 Nac5 30. Bc3 Qd7 31. Qe3 f6 32. h4 Rf8 33. g3 Qe8 34. Bh3 Kg7 35. f4 h6 36. Re2 Kh7 37. h5 gxh5 38. Bf5+ Kh8 39. Rh2 Qf7 40. Qf3 Rg8 41. Kg2 Kg7 42. Rxh5 Rh8 43. Rdh1 Rag8 44. e5 Rd8 45. e6 Qg8 46. R5h4 h5 47. Rxh5 Rxh5 48. Qxh5 Kf8 49. Qh6+ Qg7 50. Qh8+ Qg8 51. Bxf6 1-0

[Event "Trieste op 24th"]
[Site "Trieste"]
[Date "2022.09.09"]
[Round "9"]
[White "Joly, Julien"]
[Black "Zuttioni, Federico"]
[Result "1-0"]
[WhiteElo "2229"]
[BlackElo "2138"]
[PlyCount "53"]
[EventDate "2022.09.03"]
[EventType "swiss"]
[EventRounds "9"]
[EventCountry "ITA"]
[SourceTitle "CBM 210 Extra"]
[Source "ChessBase"]
[SourceDate "2022.11.30"]
[SourceVersion "1"]
[SourceVersionDate "2022.11.30"]
[SourceQuality "1"]

1. e4 e5 2. Nf3 Nc6 3. Bc4 Bc5 4. c3 Nf6 5. d4 exd4 6. b4 Bb6 7. e5 Ne4 8. Bd5 Nxc3 9. Nxc3 dxc3 10. Bg5 Ne7 11. 0-0 0-0 12. Re1 Qe8 13. Bb3 c6 14. Qd3 a5 15. Bc2 g6 16. Bf6 Nd5 17. Ng5 d6 18. Qg3 Qd7 19. Qh4 h5 20. h3 Nxf6 21. exf6 Bd8 22. Qf4 axb4 23. Rad1 d5 24. Re5 Bc7 25. Ne4 Kh7 26. Rxh5+ gxh5 27. Qg5 1-0

[Event "Spilimbergo op 15th"]
[Site "Spilimbergo"]
[Date "2017.08.11"]
[Round "3"]
[White "Di Benedetto, Edoardo"]
[Black "Zuttioni, Federico"]
[Result "1/2-1/2"]
[WhiteElo "2269"]
[BlackElo "2141"]
[PlyCount "90"]
[EventDate "2017.08.10"]
[EventType "swiss"]
[EventRounds "9"]
[EventCountry "ITA"]
[SourceTitle "EXT 2019"]
[Source "ChessBase"]
[SourceDate "2018.10.10"]
[SourceVersion "1"]
[SourceVersionDate "2018.10.10"]
[SourceQuality "1"]

1. e4 c5 2. Nf3 Nc6 3. Bb5 Nf6 4. e5 Nd5 5. Nc3 Nc7 6. Bxc6 dxc6 7. 0-0 Bg4 8. Re1 g6 9. h3 Bxf3 10. Qxf3 Bg7 11. d3 0-0 12. Be3 Ne6 13. Qe4 Qd7 14. f4 Rad8 15. g4 f5 16. gxf5 Rxf5 17. Ne2 Rdf8 18. Rf1 Bh6 19. Rf2 Rh5 20. Qg2 Rxe5 21. Rf3 Ref5 22. Raf1 Nd4 23. Bxd4 cxd4 24. Qg4 e5 25. Ng3 Bxf4 26. Nxf5 Qxf5 27. Qxf5 Rxf5 28. c3 dxc3 29. bxc3 g5 30. Kf2 h5 31. Ke2 Rf7 32. Rg1 Rg7 33. d4 e4 34. Rf2 h4 35. Rg4 Rf7 36. Rf1 Kg7 37. c4 Kg6 38. Rd1 Rc7 39. a4 b6 40. Rb1 Rd7 41. Rd1 Kf5 42. Rgg1 Rg7 43. d5 Rc7 44. Rgf1 c5 45. Rg1 Rd7 1/2-1/2

[Event "Lignano Sabbiadoro op 3rd"]
[Site "Lignano Sabbiadoro"]
[Date "2017.08.03"]
[Round "6"]
[White "Laketic, Milica"]
[Black "Zuttioni, Federico"]
[Result "1/2-1/2"]
[WhiteElo "2074"]
[BlackElo "2177"]
[PlyCount "45"]
[EventDate "2017.07.30"]
[EventType "swiss"]
[EventRounds "9"]
[EventCountry "ITA"]
[SourceTitle "CBM 179 Extra"]
[Source "ChessBase"]
[SourceDate "2017.08.23"]
[SourceVersion "1"]
[SourceVersionDate "2017.08.23"]
[SourceQuality "1"]

1. e4 c5 2. Nf3 d6 3. d4 cxd4 4. Nxd4 Nf6 5. Nc3 Nc6 6. Bc4 e6 7. 0-0 Be7 8. Kh1 0-0 9. f4 d5 10. Nxc6 bxc6 11. Bd3 c5 12. e5 Nd7 13. Bxh7+ Kxh7 14. Qh5+ Kg8 15. Rf3 f5 16. Rh3 Nf6 17. exf6 Bxf6 18. Bd2 Rb8 19. Rb1 Qe8 20. Qh7+ Kf7 21. Qh5+ Kg8 22. Qh7+ Kf7 23. Qh5+ 1/2-1/2

[Event "Nova Gorica op 22nd"]
[Site "Nova Gorica"]
[Date "2017.01.29"]
[Round "4"]
[White "Zuttioni, Federico"]
[Black "Pirs, Matjaz1111"]
[Result "1-0"]
[WhiteElo "2203"]
[BlackElo "2024"]
[PlyCount "81"]
[EventDate "2017.01.27"]
[EventType "swiss"]
[EventRounds "9"]
[EventCountry "SLO"]
[SourceTitle "CBM 176 Extra"]
[Source "ChessBase"]
[SourceDate "2017.03.02"]
[SourceVersion "1"]
[SourceVersionDate "2017.03.02"]
[SourceQuality "1"]

1. e4 d5 2. exd5 Qxd5 3. Nc3 Qa5 4. d4 Nf6 5. Nf3 c6 6. Ne5 Bf5 7. Bd3 Bxd3 8. Qxd3 e6 9. 0-0 Be7 10. Qg3 0-0 11. Bh6 Ne8 12. Rfd1 Kh8 13. Bd2 Nf6 14. Bg5 Qd8 15. Qh4 Nd5 16. Ne4 Kg8 17. c4 Bxg5 18. Nxg5 h6 19. cxd5 hxg5 20. Qh5 Qf6 21. dxc6 bxc6 22. Rd3 Qh6 23. Qe2 g6 24. Rc1 Rd8 25. Rh3 Qg7 26. Rf3 Rf8 27. Qc4 a5 28. Re1 Ra7 29. Qc5 Rb7 30. Qd6 a4 31. b3 g4 32. Nxg4 Nd7 33. Rd1 axb3 34. axb3 Rc8 35. Qe7 Qf8 36. Qh4 Qd8 37. Qh6 Qf8 38. Qg5 Rb5 39. Qe3 Rh5 40. Qf4 Qg7 41. h3 1-0

[Event "Nova Gorica op 22nd"]
[Site "Nova Gorica"]
[Date "2017.01.28"]
[Round "2"]
[White "Zuttioni, Federico"]
[Black "Dusak, Aljaz"]
[Result "1-0"]
[WhiteElo "2203"]
[BlackElo "2004"]
[PlyCount "47"]
[EventDate "2017.01.27"]
[EventType "swiss"]
[EventRounds "9"]
[EventCountry "SLO"]
[SourceTitle "CBM 176 Extra"]
[Source "ChessBase"]
[SourceDate "2017.03.02"]
[SourceVersion "1"]
[SourceVersionDate "2017.03.02"]
[SourceQuality "1"]

1. e4 d6 2. d4 g6 3. Nf3 Bg7 4. Nc3 Bg4 5. Be3 Nd7 6. h3 Bxf3 7. Qxf3 e5 8. Bc4 Ngf6 9. Bb3 0-0 10. 0-0-0 exd4 11. Bxd4 Qe7 12. g4 Ne5 13. Qg2 Nc6 14. Be3 a5 15. Bg5 Qe5 16. f4 Qc5 17. Rhe1 Nd4 18. Kb1 Nxb3 19. cxb3 c6 20. e5 dxe5 21. Bxf6 Bxf6 22. Ne4 Qe7 23. Rd7 Qe6 24. f5 1-0

[Event "Palmanova op 5th"]
[Site "Palmanova"]
[Date "2016.12.10"]
[Round "4"]
[White "Borgo, Giulio"]
[Black "Zuttioni, Federico"]
[Result "1-0"]
[WhiteElo "2356"]
[BlackElo "2190"]
[PlyCount "61"]
[EventDate "2016.12.08"]
[EventType "swiss"]
[EventRounds "6"]
[EventCountry "ITA"]
[SourceTitle "CBM 176 Extra"]
[Source "ChessBase"]
[SourceDate "2017.03.02"]
[SourceVersion "1"]
[SourceVersionDate "2017.03.02"]
[SourceQuality "1"]

1. e4 c5 2. Nf3 d6 3. Bb5+ Bd7 4. Bxd7+ Qxd7 5. 0-0 Nc6 6. Qe2 g6 7. c3 Bg7 8. Rd1 e5 9. Na3 Nge7 10. Nc2 f5 11. d3 h6 12. b4 0-0 13. a4 Rac8 14. Ba3 b6 15. a5 cxb4 16. Bxb4 bxa5 17. Ba3 d5 18. Ne3 d4 19. cxd4 Nxd4 20. Nxd4 exd4 21. Nc4 Qe6 22. Qa2 Rxc4 23. Qxc4 Qxc4 24. dxc4 Re8 25. Bxe7 Rxe7 26. exf5 d3 27. Rac1 gxf5 28. c5 a4 29. c6 Rc7 30. Rxd3 Bb2 31. Rd7 1-0

[Event "Trieste op 18th"]
[Site "Trieste"]
[Date "2016.09.08"]
[Round "7"]
[White "Zuttioni, Federico"]
[Black "Janzelj, Lara"]
[Result "1-0"]
[WhiteElo "2223"]
[BlackElo "2095"]
[PlyCount "91"]
[EventDate "2016.09.03"]
[EventType "swiss"]
[EventRounds "9"]
[EventCountry "ITA"]
[SourceTitle "CBM 174 Extra"]
[Source "ChessBase"]
[SourceDate "2016.10.10"]
[SourceVersion "1"]
[SourceVersionDate "2016.10.10"]
[SourceQuality "1"]

1. e4 e5 2. Nf3 Nc6 3. Bb5 a6 4. Ba4 Nf6 5. d3 d6 6. c3 Be7 7. Nbd2 0-0 8. 0-0 b5 9. Bc2 Bg4 10. h3 Bh5 11. Re1 d5 12. Nf1 dxe4 13. dxe4 Qc8 14. Ng3 Bg6 15. Nh4 Na5 16. Nhf5 Re8 17. a4 c5 18. axb5 axb5 19. Qf3 Bf8 20. h4 Bxf5 21. exf5 c4 22. Bg5 Qc6 23. Qxc6 Nxc6 24. Bxf6 gxf6 25. Be4 Rxa1 26. Rxa1 Nb8 27. Ra5 b4 28. Nh5 Be7 29. cxb4 Rd8 30. Rd5 Rxd5 31. Bxd5 Bxb4 32. Nxf6+ Kg7 33. Ne4 Nd7 34. Bxc4 h6 35. Kf1 Be7 36. g3 Nf6 37. Nc3 Ng4 38. Be2 Nf6 39. Bf3 Nd7 40. Nd5 Bd8 41. b4 Nb6 42. f6+ Kg6 43. Be4+ Kh5 44. Nxb6 Bxb6 45. Kg2 Bd8 46. Kh3 1-0

[Event "Trieste op 18th"]
[Site "Trieste"]
[Date "2016.09.05"]
[Round "4"]
[White "Zuttioni, Federico"]
[Black "Loiacono, Antonio"]
[Result "1/2-1/2"]
[WhiteElo "2223"]
[BlackElo "2085"]
[PlyCount "37"]
[EventDate "2016.09.03"]
[EventType "swiss"]
[EventRounds "9"]
[EventCountry "ITA"]
[SourceTitle "CBM 174 Extra"]
[Source "ChessBase"]
[SourceDate "2016.10.10"]
[SourceVersion "1"]
[SourceVersionDate "2016.10.10"]
[SourceQuality "1"]

1. e4 e5 2. Nf3 Nc6 3. Bb5 g6 4. d4 exd4 5. c3 Bg7 6. cxd4 a6 7. Ba4 b5 8. Bb3 Nge7 9. Nc3 0-0 10. 0-0 d6 11. d5 Na5 12. Nd4 Nxb3 13. axb3 Bd7 14. b4 f5 15. Re1 fxe4 16. Bg5 h6 17. Bxe7 Qxe7 18. Rxe4 Qf7 19. Qd2 1/2-1/2

[Event "Schwarzach op 31st"]
[Site "Schwarzach"]
[Date "2016.08.20"]
[Round "1"]
[White "Zuttioni, Federico"]
[Black "Stevic, Hrvoje"]
[Result "0-1"]
[WhiteElo "2193"]
[BlackElo "2611"]
[PlyCount "102"]
[EventDate "2016.08.20"]
[EventType "swiss"]
[EventRounds "9"]
[EventCountry "AUT"]
[SourceTitle "CBM 174 Extra"]
[Source "ChessBase"]
[SourceDate "2016.10.10"]
[SourceVersion "1"]
[SourceVersionDate "2016.10.10"]
[SourceQuality "1"]

1. e4 c5 2. Nf3 e6 3. d4 cxd4 4. Nxd4 Nf6 5. Nc3 d6 6. g3 Nc6 7. Bg2 Bd7 8. 0-0 Be7 9. Nce2 Nxd4 10. Nxd4 Qc7 11. b3 0-0 12. c4 a5 13. a4 Bc6 14. Qe2 Nd7 15. Be3 Bf6 16. Rac1 Bxd4 17. Bxd4 e5 18. Be3 Nc5 19. Qc2 Rad8 20. Rcd1 Qb6 21. Rd3 Qb4 22. Bd2 Qb6 23. Be3 Qc7 24. Rd2 b6 25. Rfd1 f6 26. Re2 Qb7 27. f3 f5 28. exf5 Bxf3 29. Bxf3 Qxf3 30. Rf1 Qg4 31. Kg2 Qh5 32. h3 Qe8 33. Kh2 Qc6 34. Rd2 Rc8 35. Rd5 Nxa4 36. Qd2 Nc5 37. Bxc5 dxc5 38. Rxe5 Rcd8 39. Qe2 Rde8 40. Rf2 Rxe5 41. Qxe5 Re8 42. Qc3 Kf7 43. h4 Qe4 44. Qc1 Qe1 45. Qf4 Qe3 46. Qf3 Qxf3 47. Rxf3 Re4 48. Rd3 a4 49. Rd6 b5 50. bxa4 bxa4 51. g4 Rxg4 0-1

[Event "ITA-ch sf 76th"]
[Site "Civitanova Marche"]
[Date "2016.07.15"]
[Round "7"]
[White "Zuttioni, Federico"]
[Black "Santagati, Alessandro"]
[Result "0-1"]
[WhiteElo "2171"]
[BlackElo "2271"]
[PlyCount "80"]
[EventDate "2016.07.09"]
[EventType "swiss"]
[EventRounds "9"]
[EventCountry "ITA"]
[SourceTitle "CBM 173 Extra"]
[Source "ChessBase"]
[SourceDate "2016.08.29"]
[SourceVersion "1"]
[SourceVersionDate "2016.08.29"]
[SourceQuality "1"]

1. e4 c6 2. d3 d5 3. Nd2 e5 4. Ngf3 Bd6 5. g3 Ne7 6. Bg2 0-0 7. 0-0 f5 8. Re1 Nd7 9. c3 Qc7 10. b3 Nf6 11. Bb2 Ng6 12. Rc1 a5 13. a3 dxe4 14. dxe4 f4 15. b4 Bg4 16. Nc4 Rad8 17. Nxa5 fxg3 18. hxg3 Kh8 19. Qc2 Nh5 20. Nh2 Be6 21. Bf1 Bc5 22. bxc5 Qxa5 23. Rcd1 Rxd1 24. Qxd1 Qxc5 25. Qe2 Nxg3 26. Qe3 Nxe4 27. Qxc5 Nxc5 28. c4 Rf5 29. Bc1 Nf4 30. Rd1 Kg8 31. Be3 e4 32. Rd8+ Kf7 33. Rb8 Nfd3 34. Bh3 Rf6 35. Bf1 Rf5 36. Be2 Bxc4 37. Bxc5 Rxc5 38. Rxb7+ Kg6 39. Ng4 Be6 40. Ne3 Rg5+ 0-1

[Event "ITA-ch sf 76th"]
[Site "Civitanova Marche"]
[Date "2016.07.12"]
[Round "4"]
[White "Zuttioni, Federico"]
[Black "Martorelli, Antonio"]
[Result "1-0"]
[WhiteElo "2171"]
[BlackElo "2256"]
[PlyCount "137"]
[EventDate "2016.07.09"]
[EventType "swiss"]
[EventRounds "9"]
[EventCountry "ITA"]
[SourceTitle "CBM 173 Extra"]
[Source "ChessBase"]
[SourceDate "2016.08.29"]
[SourceVersion "1"]
[SourceVersionDate "2016.08.29"]
[SourceQuality "1"]

1. e4 c5 2. Nf3 e6 3. d4 cxd4 4. Nxd4 a6 5. Nc3 b5 6. Bd3 Bc5 7. Nb3 Ba7 8. 0-0 Nc6 9. Qe2 d6 10. Be3 Nf6 11. a3 0-0 12. Rad1 Qc7 13. Bxa7 Qxa7 14. Kh1 Qb8 15. f4 Re8 16. Rde1 e5 17. Nd5 Nd7 18. f5 Ne7 19. Nxe7+ Rxe7 20. Na5 Qc7 21. b4 Qc3 22. Rf3 Qc7 23. c4 Nf6 24. cxb5 axb5 25. Qe3 Bd7 26. Rg3 Kh8 27. Qg5 Rg8 28. Rc1 Qb6 29. Bb1 Ree8 30. h3 Qd4 31. Qe3 Rc8 32. Rxc8 Rxc8 33. Qxd4 exd4 34. Nb3 Rc4 35. Kh2 Bc6 36. Na5 Rc1 37. Nxc6 Rxc6 38. Rd3 Nxe4 39. Rxd4 Nc3 40. Be4 d5 41. Bf3 Kg8 42. Rd3 Kf8 43. Bxd5 Rd6 44. Rxc3 Rxd5 45. g4 Ke7 46. Kg3 h5 47. Kf4 hxg4 48. Ke4 Kd6 49. hxg4 Re5+ 50. Kf4 Rd5 51. Kg5 Rd4 52. Rc5 Rd3 53. Rxb5 Rxa3 54. Rb7 f6+ 55. Kg6 Ke5 56. Kxg7 Rg3 57. Rb5+ Kd6 58. Kxf6 Rxg4 59. Rb8 Kc7 60. Re8 Rxb4 61. Re1 Kd8 62. Kg6 Rg4+ 63. Kf7 Rd4 64. f6 Rh4 65. Rd1+ Kc7 66. Ke7 Re4+ 67. Kf8 Re2 68. f7 Re3 69. Rg1 1-0